Szervezeti konfliktuskezelés informatikai cégnél vizsgálva

Bibliográfiai részletek
Szerző: Keller Dormánka
További közreműködők: Csillag Dr. Sára
Dokumentumtípus: Diplomadolgozat
Kulcsszavak:Konfliktuskezelés
Konfliktus
Környezet
Online Access:http://dolgozattar.uni-bge.hu/16391

MARC

LEADER 00000nta a2200000 i 4500
001 dolg16391
005 20180514093623.0
008 180514suuuu hu om 000 hun d
040 |a BGE Dolgozattár Repozitórium  |b hun 
041 |a hu 
100 1 |a Keller Dormánka 
245 1 0 |a Szervezeti konfliktuskezelés informatikai cégnél vizsgálva  |c Keller Dormánka  |h [elektronikus dokumentum] 
695 |a Konfliktuskezelés 
695 |a Konfliktus 
695 |a Környezet 
700 1 |a Csillag Dr. Sára  |e ths 
856 4 0 |u http://dolgozattar.uni-bge.hu/16391/1/teljes.pdf  |z Dokumentum-elérés 
856 4 0 |u http://dolgozattar.uni-bge.hu/16391/9/TITKOSITAS.pdf  |z Dokumentum-elérés